| 000 | 00549nam a2200181 u 4500 | ||
|---|---|---|---|
| 001 | 000781987 | ||
| 003 | AM-YeHGA | ||
| 005 | 20250617144026.0 | ||
| 008 | 110113s1984 ||| r 000 0 rus d | ||
| 040 | _aAM-YeHGA | ||
| 041 | 0 | _arus | |
| 100 | 1 | _aАмпелонов, Александр Львович | |
| 245 | 1 | 0 |
_aОтчим : _bПовести / _cАлександр Ампелонов. |
| 260 |
_aМосква : _bСовременник, _c1984. |
||
| 300 | _a256 с. | ||
| 653 | 0 | _aМолодежь в СССР (х. л.) | |
| 090 | _c287680 | ||
| 999 |
_c286016 _d286016 |
||